Bohatý prebytok - chudobné rezervy Sociálna poisťovňa bilancovala výsledky hospodárenia za rok 1996
Hodnotenie tvorby a použitia fondov Sociálnej poisťovne v r.1996. Rozpočet Sociálnej poisťovne, jednotlivé etapy rozpočtového procesu. Príjmy a výdavky SP v r.1996. Analýza hospodárenia Sociálnej poisťovne.
Salvato in:
| Autore principale: | |
|---|---|
| Natura: | Capitolo di libro |
| Lingua: | slovacco |
| Soggetti: | |
| Tags: |
Nessun Tag, puoi essere il primo ad aggiungerne!!
|
MARC
| LEADER | 00000naa a2200000 4500 | ||
|---|---|---|---|
| 001 | r027698 | ||
| 005 | 20230922130626.8 | ||
| 041 | 0 | |a slo | |
| 044 | |a SK | ||
| 245 | 1 | 0 | |a Bohatý prebytok - chudobné rezervy |b Sociálna poisťovňa bilancovala výsledky hospodárenia za rok 1996 |c E. Kopasová |
| 520 | |a Hodnotenie tvorby a použitia fondov Sociálnej poisťovne v r.1996. Rozpočet Sociálnej poisťovne, jednotlivé etapy rozpočtového procesu. Príjmy a výdavky SP v r.1996. Analýza hospodárenia Sociálnej poisťovne. | ||
| 610 | 2 | 0 | |a Sociálna poisťovňa, a.s. Bratislava |
| 610 | 2 | 0 | |a výsledok hospodársky |
| 610 | 2 | 0 | |a 1996 |
| 610 | 2 | 0 | |a hospodárenie finančné |
| 610 | 2 | 0 | |a zdroje finančné |
| 610 | 2 | 0 | |a príjmy |
| 610 | 2 | 0 | |a výdavky |
| 610 | 2 | 0 | |a poistenie nemocenské |
| 610 | 2 | 0 | |a zabezpečenie dôchodkové |
| 100 | 1 | |a Kopasová, E. | |